Plánovanie – súčasť finančného riadenia podniku

Enregistré dans:
Détails bibliographiques
Auteur principal: Lukáč, Jozef, 1991-
Format: Chapitre de livre
Langue:slovaque
Sujets:
Tags: Ajouter un tag
Pas de tags, Soyez le premier à ajouter un tag!

MARC

LEADER 00000nla a2200000 4500
001 0233357
005 20240502073805.5
041 0 |a slo 
044 |a SK 
245 1 0 |a Plánovanie – súčasť finančného riadenia podniku  |c Jozef Lukáč 
500 |a Abstrakt 
610 2 0 |a riadenie podnikové 
610 2 0 |a riadenie finančné 
610 2 0 |a plánovanie 
610 2 0 |a plán podnikový 
610 2 0 |a analýza finančná 
610 2 0 |a ciele podnikové 
100 1 |a Lukáč, Jozef, 1991-